AFC Ajax 2020's Starting XI - Statistics

General Stats
  • This quiz has been taken 51 times
  • The average score is 26 of 33
Answer Stats
Group Nationality Position % Correct
2019-20 ★🏆 Cameroon GK André Onana
100%
2020-21 Cameroon GK André Onana
100%
2020-21 Brazil FW Antony
98%
2021-22* Brazil FW Antony
98%
2019-20 ★🏆 Serbia FW Dušan Tadić
98%
2020-21 Serbia FW Dušan Tadić
98%
2021-22* Serbia FW Dušan Tadić
98%
2019-20 ★🏆 Morocco FW Hakim Ziyech
95%
2019-20 ★🏆 Argentina DF Nicolás Tagliafico
90%
2020-21 Argentina DF Nicolás Tagliafico
90%
2020-21 Ivory Coast FW Sébastien Haller
90%
2021-22* Ivory Coast FW Sébastien Haller
90%
2019-20 ★🏆 Brazil FW David Neres
88%
2019-20 ★🏆 United States DF Sergiño Dest
88%
2020-21 Mexico MF Edson Álvarez
83%
2021-22* Mexico MF Edson Álvarez
83%
2019-20 ★🏆 Argentina MF Lisandro Martínez
83%
2020-21 Argentina DF Lisandro Martínez
83%
2021-22* Argentina DF Lisandro Martínez
83%
2021-22* Morocco DF Noussair Mazraoui
83%
2019-20 ★🏆 Netherlands DF Daley Blind
80%
2020-21 Netherlands DF Daley Blind
80%
2021-22* Netherlands DF Daley Blind
80%
2019-20 ★🏆 Netherlands MF Donny van de Beek
73%
2020-21 Netherlands MF Davy Klaassen
68%
2021-22* Netherlands DF Jurriën Timber
68%
2021-22* Netherlands GK Remko Pasveer
68%
2020-21 Netherlands MF Ryan Gravenberch
65%
2021-22* Netherlands MF Ryan Gravenberch
65%
2021-22* Netherlands MF Steven Berghuis
58%
2020-21 Netherlands DF Perr Schuurs
45%
2019-20 ★🏆 Netherlands DF Joël Veltman
35%
2019-20 ★🏆 Netherlands MF Quincy Promes
18%
No matching quizzes found
Score Distribution
Percent of People with Each Score
Percentile by Number Answered
Your Score History
You have not taken this quiz